000 01028cam a22002777a 4500
005 20170515092912.0
008 090408s2007 txua 001 0 eng d
020 _a1597180300
020 _a9781597180306
040 _aMYG
_cMYG
_dNLGGC
_dMUQ
_dDRB
_dYDXCP
_dDLC
041 0 _aeng
044 _axxu
082 0 4 _a005.55
_bS79a11
245 0 0 _aStata data management reference manual :
_brelease 10.
246 1 4 _aStata release 10 :
_bdata management
246 1 8 _aStata 10 data management
260 _aCollege Station, Tex. :
_bStataCorp LP,
_cc2007.
300 _avi, 548 páginas :
_bilustraciones ;
_c24 x 19 cm.
500 _aIncluye índices.
630 0 _aStata (Software)
_vGuías, manuales, etc.
650 2 6 _aEstadísticas
_xProcesamiento de datos
650 2 6 _aEstadísticas
_xMétodos de gráficación
_xProgramas de ordenador
650 2 6 _aCiencias sociales
_xEstadística
_xProgramas de ordenador
_vGuías, manuales, etc.
710 2 _aStata Corporation
942 _2ddc
_cLIBRO
999 _c19500
_d19500